<?xml version="1.0" encoding="UTF-8"?>
<record
    xmlns:xsi="http://www.w3.org/2001/XMLSchema-instance"
    xsi:schemaLocation="http://www.loc.gov/MARC21/slim http://www.loc.gov/standards/marcxml/schema/MARC21slim.xsd"
    xmlns="http://www.loc.gov/MARC21/slim">

  <leader>01004nam a22001577a 4500</leader>
  <controlfield tag="008">190920b        xxu||||| |||| 00| 0 eng d</controlfield>
  <datafield tag="020" ind1=" " ind2=" ">
    <subfield code="a">9789387472167</subfield>
  </datafield>
  <datafield tag="050" ind1=" " ind2=" ">
    <subfield code="a">Ref</subfield>
  </datafield>
  <datafield tag="100" ind1=" " ind2=" ">
    <subfield code="a">Neelamalar, M</subfield>
  </datafield>
  <datafield tag="245" ind1=" " ind2=" ">
    <subfield code="a">Radio Programme production. /</subfield>
    <subfield code="c">M. Neelamalar</subfield>
  </datafield>
  <datafield tag="260" ind1=" " ind2=" ">
    <subfield code="a">New Dehli:</subfield>
    <subfield code="b">PHI Learning Private ltd,</subfield>
    <subfield code="c">2018.</subfield>
  </datafield>
  <datafield tag="300" ind1=" " ind2=" ">
    <subfield code="a">xiv,233p.:</subfield>
    <subfield code="b">ill.;</subfield>
    <subfield code="c">24cm.</subfield>
  </datafield>
  <datafield tag="500" ind1=" " ind2=" ">
    <subfield code="a">Includes references and index.</subfield>
  </datafield>
  <datafield tag="505" ind1=" " ind2=" ">
    <subfield code="a">Contents: Introduction to radio medium -- Radio news writing -- Radio interview -- Radio feature -- Radio documentary -- Phone-in-programmes -- Radio magazine -- Outdoor broadcasting -- Radio drama  and docudrama -- Radio script  writing -- Special audience radio programmes  -- Talk-based programmes -- Radio  jingles -- Community radio -- Researching for radio -- Radio for development -- Educational broadcasting --  Radio for entertainment -- Radio studio and production -- Special interest programmes -- Radio reporting -- Legal regulations and ethics for radio</subfield>
  </datafield>
  <datafield tag="942" ind1=" " ind2=" ">
    <subfield code="2">lcc</subfield>
    <subfield code="c">BK</subfield>
  </datafield>
  <datafield tag="999" ind1=" " ind2=" ">
    <subfield code="c">6971</subfield>
    <subfield code="d">14471</subfield>
  </datafield>
  <datafield tag="952" ind1=" " ind2=" ">
    <subfield code="0">0</subfield>
    <subfield code="1">0</subfield>
    <subfield code="2">lcc</subfield>
    <subfield code="4">0</subfield>
    <subfield code="7">0</subfield>
    <subfield code="a">WIUC-1</subfield>
    <subfield code="b">WIUC-1</subfield>
    <subfield code="c">REF</subfield>
    <subfield code="d">2019-09-20</subfield>
    <subfield code="l">0</subfield>
    <subfield code="o">Ref</subfield>
    <subfield code="p">8537/131/19</subfield>
    <subfield code="r">2019-09-20 00:00:00</subfield>
    <subfield code="t">1</subfield>
    <subfield code="w">2019-09-20</subfield>
    <subfield code="y">BK</subfield>
  </datafield>
  <datafield tag="952" ind1=" " ind2=" ">
    <subfield code="0">0</subfield>
    <subfield code="1">0</subfield>
    <subfield code="2">lcc</subfield>
    <subfield code="4">0</subfield>
    <subfield code="7">0</subfield>
    <subfield code="a">WIUC-KL</subfield>
    <subfield code="b">WIUC-KL</subfield>
    <subfield code="c">GEN</subfield>
    <subfield code="d">2019-11-11</subfield>
    <subfield code="l">0</subfield>
    <subfield code="o">PN1991.75.N37</subfield>
    <subfield code="p">K/1942/1942/19</subfield>
    <subfield code="r">2021-12-15 00:00:00</subfield>
    <subfield code="t">1</subfield>
    <subfield code="w">2021-12-15</subfield>
    <subfield code="y">BK</subfield>
  </datafield>
  <datafield tag="952" ind1=" " ind2=" ">
    <subfield code="0">0</subfield>
    <subfield code="1">0</subfield>
    <subfield code="2">lcc</subfield>
    <subfield code="4">0</subfield>
    <subfield code="7">0</subfield>
    <subfield code="a">WIUC-KL</subfield>
    <subfield code="b">WIUC-KL</subfield>
    <subfield code="c">GEN</subfield>
    <subfield code="d">2019-11-11</subfield>
    <subfield code="l">0</subfield>
    <subfield code="o">PN1991.75.N371</subfield>
    <subfield code="p">K/1943/1943/19</subfield>
    <subfield code="r">2021-12-15 00:00:00</subfield>
    <subfield code="t">2</subfield>
    <subfield code="w">2021-12-15</subfield>
    <subfield code="y">BK</subfield>
  </datafield>
</record>
